<?xml version="1.0" encoding="UTF-8"?><?xml-stylesheet type="text/xsl" href="static/style.xsl"?><OAI-PMH xmlns="http://www.openarchives.org/OAI/2.0/" xmlns:xsi="http://www.w3.org/2001/XMLSchema-instance" xsi:schemaLocation="http://www.openarchives.org/OAI/2.0/ http://www.openarchives.org/OAI/2.0/OAI-PMH.xsd"><responseDate>2026-04-17T22:51:52Z</responseDate><request verb="GetRecord" identifier="oai:www.recercat.cat:2099/11929" metadataPrefix="marc">https://recercat.cat/oai/request</request><GetRecord><record><header><identifier>oai:recercat.cat:2099/11929</identifier><datestamp>2026-02-07T01:08:04Z</datestamp><setSpec>com_2072_1033</setSpec><setSpec>col_2072_452949</setSpec></header><metadata><record xmlns="http://www.loc.gov/MARC21/slim" xmlns:dcterms="http://purl.org/dc/terms/" xmlns:xsi="http://www.w3.org/2001/XMLSchema-instance" xmlns:doc="http://www.lyncode.com/xoai" xsi:schemaLocation="http://www.loc.gov/MARC21/slim http://www.loc.gov/standards/marcxml/schema/MARC21slim.xsd">
   <leader>00925njm 22002777a 4500</leader>
   <datafield ind2=" " ind1=" " tag="042">
      <subfield code="a">dc</subfield>
   </datafield>
   <datafield ind2=" " ind1=" " tag="720">
      <subfield code="a">Bustamante Alonso, María Daniela</subfield>
      <subfield code="e">author</subfield>
   </datafield>
   <datafield ind2=" " ind1=" " tag="260">
      <subfield code="c">2009-06</subfield>
   </datafield>
   <datafield ind2=" " ind1=" " tag="520">
      <subfield code="a">El presente trabajo surge al margen del proyecto de investigación de “Ciudades del turismo. Estudios de las transformaciones, desafíos y soluciones ante la turistificación local (1990-2007)” encabezado por el equipo binacional España- México conformado por El Colegio de Sonora-Universidad Autónoma de Madrid-Universidad de Sonora, y sustentado por el marco teórico del trabajo de tesis titulado “Estudio de las transformaciones de la ciudad turística a partir del imaginario del trabajador migrante en vivienda de megaproyecto”. &#xd;
&#xd;
Se indagará la migración interna en Puerto Peñasco, Sonora, México, promovida por empleadores desarrolladores de megaproyectos, el objetivo radica en abordar el tema como un estudio de caso que se profundizará con el fin de derivar la relación del imaginario urbano turístico, identidad y territorialidad de los trabajadores migrantes beneficiarios de vivienda en comunidades cercadas desarrolladas por megaproyecto, comunidades vistas como espacios de segregación social y de alta seguridad corporativa que fragmentan el tejido urbano. &#xd;
&#xd;
Como propuesta metodológica, el aspecto psicosocial del migrante será analizado desde una perspectiva urbanista y psicológica, con la introducción de estudios Lacanianos en la construcción del imaginario social, así como la exploración del estudio de la percepción de la ciudad y mapas mentales desarrollados por Kevin Lynch. Sin dejar de dar crédito a las propuestas metodológicas de otros teóricos e investigadores especialistas del imaginario como Eloy Méndez.</subfield>
   </datafield>
   <datafield ind2=" " ind1=" " tag="520">
      <subfield code="a">The present paper has been created within the research project “Tourism cities. Studies of the transformations, challenges and solutions in the face of the local touristification (1990-2007)” directed by the binational team Spain-Mexico, formed by El Colegio de Sonora-Universidad Autónoma de Madrid- Universidad de Sonora, research and educative institutions, furthermore supported by the theoretical framework of the thesis “Tourist city transformations Study arised from the migrant worker megaproject’s housing”.&#xd;
&#xd;
Inquire internal migration in Puerto Peñasco, Sonora, Mexico, promoted by developers megadevelopments employers, is addressed as a case study that will deepen in order to derive the ratio of imaginary urban tourism, identity and territoriality of migrant beneficiaries housing in gated communities developed by megaproject, which are spaces of social segregation and high corporate security. Will show an abstract of the comparative analysis of the cases of Puerto Peñasco and Dubai, United Arab Emirates. &#xd;
&#xd;
The psychosocial aspect of the migrant will be analyzed from the psychological Lacanian perspective and the exploration of city‘s mental maps that recreate human’s perception as premise developed by Kevin Lynch and theoretical analysis of other imagery specialists as Mendez Sainz.</subfield>
   </datafield>
   <datafield ind2=" " ind1=" " tag="520">
      <subfield code="a">Peer Reviewed</subfield>
   </datafield>
   <datafield tag="653" ind2=" " ind1=" ">
      <subfield code="a">Àrees temàtiques de la UPC::Urbanisme::Planejament urbà</subfield>
   </datafield>
   <datafield tag="653" ind2=" " ind1=" ">
      <subfield code="a">Cities and towns -- Growth -- Mexico -- Sonoca</subfield>
   </datafield>
   <datafield tag="653" ind2=" " ind1=" ">
      <subfield code="a">Cities and towns -- Growth --  United Arab Emirates -- Dubai</subfield>
   </datafield>
   <datafield tag="653" ind2=" " ind1=" ">
      <subfield code="a">Tourist trade and city planning  -- Mexico -- Sonoca</subfield>
   </datafield>
   <datafield tag="653" ind2=" " ind1=" ">
      <subfield code="a">Tourist trade and city planning  --  United Arab Emirates -- Dubai</subfield>
   </datafield>
   <datafield tag="653" ind2=" " ind1=" ">
      <subfield code="a">Sociology, Urban</subfield>
   </datafield>
   <datafield tag="653" ind2=" " ind1=" ">
      <subfield code="a">Imaginario urbano</subfield>
   </datafield>
   <datafield tag="653" ind2=" " ind1=" ">
      <subfield code="a">Migración</subfield>
   </datafield>
   <datafield tag="653" ind2=" " ind1=" ">
      <subfield code="a">Turismo</subfield>
   </datafield>
   <datafield tag="653" ind2=" " ind1=" ">
      <subfield code="a">Análisis psicosocial</subfield>
   </datafield>
   <datafield tag="653" ind2=" " ind1=" ">
      <subfield code="a">Urban imaginary</subfield>
   </datafield>
   <datafield tag="653" ind2=" " ind1=" ">
      <subfield code="a">Migration</subfield>
   </datafield>
   <datafield tag="653" ind2=" " ind1=" ">
      <subfield code="a">Tourism</subfield>
   </datafield>
   <datafield tag="653" ind2=" " ind1=" ">
      <subfield code="a">Psychosocial analysis</subfield>
   </datafield>
   <datafield tag="653" ind2=" " ind1=" ">
      <subfield code="a">Desenvolupament urbà -- Mèxic -- Sonoca</subfield>
   </datafield>
   <datafield tag="653" ind2=" " ind1=" ">
      <subfield code="a">Desenvolupament urbà -- Unió dels Emirats Àrabs -- Dubbay</subfield>
   </datafield>
   <datafield tag="653" ind2=" " ind1=" ">
      <subfield code="a">Turisme i urbanisme -- Mèxic -- Sonoca</subfield>
   </datafield>
   <datafield tag="653" ind2=" " ind1=" ">
      <subfield code="a">Turisme i urbanisme -- Unió dels Emirats Àrabs -- Dubbay</subfield>
   </datafield>
   <datafield tag="653" ind2=" " ind1=" ">
      <subfield code="a">Sociologia urbana</subfield>
   </datafield>
   <datafield ind2="0" ind1="0" tag="245">
      <subfield code="a">Ciudad turística imaginada: escenario del trabajador migrante para la redefinición de la identidad y territorialidad</subfield>
   </datafield>
</record></metadata></record></GetRecord></OAI-PMH>